La igualdad de la mujer y la violencia de gňero en la sociedad informada

Bibliographic Details
Other Authors: Garca̕, Mara̕ Nieves (coord)
Format: Unknown
Language:Spanish
Published: Madrid : Dykinson, 2007
Subjects:
Online Access:Acceso restringido

MARC

LEADER 00000ny a22000003n 4500
005 20110623172053.0
006 m u
007 cr cn|||||||||
008 200806r20072008sp |||||s|||||||||||spa d
020 |a 9788498490602 
035 |a 2316 
040 |a FlNmELB  |c FlNmELB  |d vlex 
050 1 4 |a HQ1236.5.S7  |b I249 2007eb 
080 |a 340:396.1(460) 
090 |c 1184  |d 1184 
245 0 3 |a La igualdad de la mujer y la violencia de gňero en la sociedad informada  |h [Recurso electrn̤ico]  |c coordinadora, Mara̕ Nieves Garca̕ 
256 |a Servicio en ln̕ea 
260 |a Madrid :  |b Dykinson,  |c 2007 
300 |a 9-173 p 
506 1 |a Contenido solo disponible en los productos indicados  |d vLex Global  |d vLex Global (Academic Edition, excluding Law Schools)  |d vLex Global (U.S. Academic Edition, Law Schools)  |d vLex Global (U.S. Academic Edition, excluding Law Schools)  |d vLex Global (Academic Edition, Law Schools) 
650 0 7 |a Derechos humanos  |2 Tesauro vLex 
650 0 7 |a Constitucional  |2 Tesauro vLex 
650 0 7 |a Violencia de gňero   |2 Tesauro vLex 
650 0 7 |a Seguridad social  |2 Tesauro vLex 
650 0 7 |a Derechos de la mujer  |2 Tesauro vLex 
650 0 7 |a Derecho a la igualdad  |2 Tesauro vLex 
650 0 7 |a Violencia de gňero  |2 Tesauro vLex 
700 1 |a Garca̕, Mara̕ Nieves,   |e coord 
740 0 |a vLex Libros (Servicios en ln̕ea) 
856 4 0 |z Acceso restringido  |u http://vlex.com/source/igualdad-mujer-violencia-genero-sociedad-informada-2316 
942 |c BOOK